| 000 | 00000nas 2200000za 4500 |
| 001 | 9.503208 |
| 003 | CaOODSP |
| 005 | 20221107133232 |
| 007 | cr ||||||||||| |
| 008 | 150406c19899999onc x m o f0 b0fre|d |
| 040 | |aCaOODSP|bfre |
| 043 | |an-cn--- |
| 086 | 1 |aXC26-1/1F-PDF |
| 110 | 1 |aCanada.|bChambre des communes. |bComité permanent des finances. |
| 245 | 10|aRapport du Comité permanent des finances |h[ressource électronique]. |
| 260 | |a[Ottawa] : |bLe Comité, |c[1989]- |
| 310 | |aIrrégulier |
| 500 | |aPubl. aussi en anglais sous le titre : Report of the Standing Committee on Finance. |
| 692 | 07|2gccst|aFinances |
| 775 | 08|tReport of the Standing Committee on Finance |w(CaOODSP)9.506813 |
| 776 | 0#|tRapport du Comité permanent des finances / |w(CaOODSP)9.512325 |
| 780 | 00|tRapport du Comité permanent des finances et des affaires économiques|w(CaOODSP)9.819845 |